Grid computing : the savvy manager's guide (Record no. 179981)

MARC details
000 -LEADER
fixed length control field 00392nam a2200145Ia 4500
005 - DATE AND TIME OF LATEST TRANSACTION
control field 20250313091108.0
008 - FIXED-LENGTH DATA ELEMENTS--GENERAL INFORMATION
fixed length control field 231217s9999 xx 000 0 und d
020 ## - INTERNATIONAL STANDARD BOOK NUMBER
International Standard Book Number 9788131202920
082 ## - DEWEY DECIMAL CLASSIFICATION NUMBER
Classification number 004.36 PLA;1
100 ## - MAIN ENTRY--PERSONAL NAME
Personal name Plaszczak, Pawel Wellner, Richard
245 #0 - TITLE STATEMENT
Title Grid computing : the savvy manager's guide
260 ## - PUBLICATION, DISTRIBUTION, ETC. (IMPRINT)
Date of publication, distribution, etc. 2006
Name of publisher, distributor, etc. Elsevier
Place of publication, distribution, etc. New Delhi
300 ## - PHYSICAL DESCRIPTION
Extent xx+261
942 ## - ADDED ENTRY ELEMENTS (KOHA)
Koha item type Books
Holdings
Date last seen Total Checkouts Full call number Accession number Old discount Cost, replacement price Price effective from Category Lost status Damaged status Department Withdrawn status bill no. bill date Permanent Location Current Location Shelving location Entry date Vendor Cost, normal purchase price Grants Currency symbol Conversion rate Discount Discount type
26/01/2024   004.36 PLA;1 47571 25 221.25 26/01/2024 Books     CS   940 11/02/2009 Central Library Central Library Central Library 19/12/2007 Tata Book House 295.00 CS/PG RS 1 73.75 Rupees

© For any Suggestions or Query, please contact the library staff @ librarian@pes.edu or Phone: +9180 2672 1983/ 2108.